000 01075nam a22002657a 4500
005 20260407064051.0
007 cr |||aaa|||||
008 260406s2021 sp| ||||o|||| 000 0 spa d
020 _a9788481588897
040 _aMX-MxUPN
_bspa
_eaacr2
041 _aspa
050 4 _aLB1028.5
100 1 _aVarela Álvarez, Enrique J.
_959210
245 1 1 _a¿Universidades híbridas? :
_bde las universidades públicas presenciales a las universidades públicas presenciales-virtuales en el mundo del coronavirus
_h[recurso electrónico en línea]
260 _aVigo :
_bUniversidade Vigo,
_cc2021
300 _a1 recurso en línea (143 páginas) :
_bPDF
490 0 _aMiscelánea. Serie de textos misceláneos
506 0 _aAcceso abierto.
650 4 _aAprendizaje semipresencial
_zEspaña
_959212
650 4 _aPandemia de COVID-19, 2020-2023
_xEfecto de la educación
_zEspaña
_959211
650 4 _aUniversidades y colegios públicos
_zEspaña
_918285
856 4 0 _uhttp://hdl.handle.net/11093/4039
902 _aVíctorGodínez/060426
942 _2lcc
_cLIBRO-E
999 _c214917
_d214917